000 00298nam a2200121 a 4500
005 20140414132116.0
008 111026s19uu xx 00 eng d
050 _aTR
_bF523 2003
100 _aRex, Michael
245 _aFirefighter.
260 _aNew York :
_bScholastic ,
_c2003.
999 _c114929
_d114929